GETS Theological Seminary Library

開端與進展: (Record no. 18810)

MARC details
000 -LEADER
fixed length control field 00695nam a2200217Ia 4500
008 - FIXED-LENGTH DATA ELEMENTS--GENERAL INFORMATION
fixed length control field 200825s9999||||xx |||||||||||||| ||und||
020 ## - INTERNATIONAL STANDARD BOOK NUMBER
International Standard Book Number 9577272681
020 ## - INTERNATIONAL STANDARD BOOK NUMBER
International Standard Book Number 9789577272683
041 ## - LANGUAGE CODE
Language code of text/sound track or separate title chi
050 ## - LIBRARY OF CONGRESS CALL NUMBER
Classification number BR1285
Item number .W825 2006
100 ## - MAIN ENTRY--PERSONAL NAME
Personal name 吳義雄
245 #0 - TITLE STATEMENT
Title 開端與進展:
Remainder of title 華南近代基督教史論集 /
Statement of responsibility, etc. 吳義雄
246 ## - VARYING FORM OF TITLE
Title proper/short title 开端与进展 :
Remainder of title 华南近代基督教史论集/
260 ## - PUBLICATION, DISTRIBUTION, ETC.
Place of publication, distribution, etc. 台北 :
Name of publisher, distributor, etc. 基督教宇宙光全人關懷機構,
Date of publication, distribution, etc. 2006
300 ## - PHYSICAL DESCRIPTION
Extent 196 p.
Other physical details ;
Dimensions 21 cm.
490 ## - SERIES STATEMENT
Series statement 馬禮遜入華宣教200年紀念文集
Volume/sequential designation v. 6
650 ## - SUBJECT ADDED ENTRY--TOPICAL TERM
Topical term or geographic name entry element Christianity.
650 ## - SUBJECT ADDED ENTRY--TOPICAL TERM
Topical term or geographic name entry element Indigenous church administration China.
650 ## - SUBJECT ADDED ENTRY--TOPICAL TERM
Topical term or geographic name entry element Missions China.
Holdings
Withdrawn status Lost status Damaged status Not for loan Home library Current library Shelving location Date acquired Total Checkouts Full call number Barcode Date last seen Price effective from Koha item type
        GETS Theological Seminary Library GETS Theological Seminary Library General Stacks 08/25/2020   BR1285 .W825 2006 00006166 08/25/2020 08/25/2020 Chinese Book
OpacCredits

Contact the Librarian, GETS Library
Email: library@mygets.org









Implemented by GETS Library
(Powered by ETCA Professional Group)
GETS Theological Seminary
412 E. Rowland Street, CA 91723